00614nam a2200229 a 4500001001300000003000900013005001700022008004100039020000800080082001500088100002600103245002100129260003100150300000800181500003500189505001000224700002600234902000800260942000700268952009400275999001500369nice12345678IN_TiNIC20260116013024.0050524s1950 boma grs 000 0 49g  ac000a297.4bSAT aSattar, Shah Abdullah aAastana Sattaria aBombaybKareem Pressc1950 a24p aincludes index and biblioraphy2 aIndex1 aSattar, Shah Abdullah bSRS cPS 00104070aHMIbHMId2005-05-24g0.00l0o297.4 SATp13681r2005-05-24w2026-01-16yARB c9310d9310